amber waves - ethel cain - Statistics

General Stats
  • This quiz has been taken 18 times
  • The average score is 159 of 185
Answer Stats
Answer % Correct
am
100%
amber
100%
at
100%
be
100%
before
100%
feel
100%
fun
100%
go
100%
i
100%
"i
100%
is
100%
it
100%
leave
100%
leaves
100%
many
100%
me
100%
not
100%
other
100%
she
100%
the
100%
to
100%
waves
100%
way
100%
ways?
100%
anything
91%
by
91%
cant
91%
days
91%
do
91%
nothing
91%
still
91%
take
91%
"take
91%
what
91%
when
91%
you
91%
alright
82%
and
82%
but
82%
good")
82%
good
82%
home
82%
how
82%
ill
82%
im
82%
in
82%
its
82%
kick
82%
long
82%
much?"
82%
much
82%
my
82%
on
82%
rocks
82%
saying
82%
time
82%
walking
82%
would
82%
as
73%
dont
73%
love
73%
need
73%
pretend
73%
recommend
73%
that
73%
without
73%
aint
64%
bottle
64%
catatonia
64%
empty
64%
gonna
64%
head
64%
here
64%
know
64%
letting
64%
mine
64%
of
64%
oh
64%
scream"
64%
shaking
64%
watching
64%
were
64%
back
55%
cause
55%
chain
55%
devil
55%
leaning
55%
link
55%
maybe
55%
them
55%
true
55%
yet
55%
roll
45%
("um
45%
um
45%
want
45%
wood
36%
No matching quizzes found
Score Distribution
Percent of People with Each Score
Percentile by Number Answered
Your Score History
You have not taken this quiz